| 000 | 00480nam a22001577a 4500 | ||
|---|---|---|---|
| 020 | _qHard Cover. | ||
| 082 | _a658 | ||
| 100 | _aSaeed, Aitzaz. | ||
| 245 |
_aEvolution of Business Model and its Impact on Financial Performance _cAitzaz Saeed |
||
| 260 |
_aIslamabad: _bNBS - NUST, _c2014. |
||
| 300 |
_a91 p. : ill. ; _c30cm. |
||
| 650 |
_aMBA Thesis. _917629 |
||
| 700 |
_aDr. Zainab Riaz. _917650 |
||
| 942 |
_2ddc _cTHE |
||
| 999 |
_c527694 _d527694 |
||